La paloma (Record no. 130435)

MARC details
000 -LEADER
campo de control de longitud fija 00599nam a2200181 i 4500
001 - NÚMERO DE CONTROL
campo de control 130435
003 - IDENTIFICADOR DE NÚMERO DE CONTROL
campo de control ES-MaACL
007 - CAMPO FIJO DE DESCRIPCIÓN FÍSICA--INFORMACIÓN GENERAL
campo de control de longitud fija t|
008 - DATOS DE LONGITUD FIJA--INFORMACIÓN GENERAL
campo de control de longitud fija 070727s1980 sp ||||1| spa d
100 1# - ENTRADA PRINCIPAL--NOMBRE DE PERSONA
Nombre de persona Zanoni, Giuseppe.
9 (RLIN) 117982
245 13 - MENCIÓN DEL TÍTULO
Título La paloma
Resto del título : cría y explotación /
Mención de responsabilidad, etc. Giuseppe Zanoni ; versión de G. Díaz Rodríguez-Ponga.
260 ## - PUBLICACIÓN, DISTRIBUCIÓN, ETC.
Lugar de publicación, distribución, etc. Madrid :
Nombre del editor, distribuidor, etc. Mundi-Prensa,
Fecha de publicación, distribución, etc. 1980.
300 ## - DESCRIPCIÓN FÍSICA
Extensión 244 p. ;
Dimensiones 22 cm.
500 ## - NOTA GENERAL
Nota general Traducción de: Colombicoltura da reddito.
650 14 - PUNTO DE ACCESO ADICIONAL DE MATERIA--TÉRMINO DE MATERIA
Término de materia o nombre geográfico como elemento de entrada Colombicultura.
9 (RLIN) 11148
700 1# - ENTRADA AGREGADA--NOMBRE PERSONAL
Nombre de persona Díaz Rodríguez-Ponga, Gonzalo.
9 (RLIN) 44413
852 ## - LOCALIZACIÓN
Ubicación ES-MaACL
Número de control de estantería L-943
Sublocalización o colección R.101923
Holdings
Estatus retirado Estado de pérdida Estado de daño No para préstamo Biblioteca de origen Biblioteca actual Ubicación en estantería Fecha de adquisición Fuente de adquisición Total de préstamos Signatura topográfica completa Código de barras Visto por última vez Precio de reemplazo Tipo de ítem Koha
        Biblioteca del Ateneo de Madrid Biblioteca del Ateneo de Madrid Depósito 2 17/01/2008     L-943 1135811 23/02/2023 23/02/2023 Libro impreso